MLB Award Winners Since 2010 - Statistics

General Stats
  • This quiz has been taken 157 times
  • The average score is 69 of 90
Answer Stats
Season Award Team Answer % Correct
2024 AL MVP Yankees Aaron Judge
100%
2022 AL MVP Yankees Aaron Judge
100%
AL ROY Yankees Aaron Judge
100%
NL MVP Dodgers Shohei Ohtani
99%
2023 AL MVP Angels Shohei Ohtani
99%
2021 AL MVP Angels Shohei Ohtani
99%
AL ROY Angels Shohei Ohtani
99%
NL ROY Pirates Paul Skenes
97%
AL Cy Young Tigers Tarik Skubal
97%
NL Cy Young Braves Chris Sale
96%
NL MVP Phillies Bryce Harper
94%
NL MVP Nationals Bryce Harper
94%
NL ROY Nationals Bryce Harper
94%
NL MVP Braves Ronald Acuna Jr
94%
NL ROY Braves Ronald Acuna Jr
94%
AL Cy Young Yankees Gerrit Cole
93%
AL Cy Young Astros Justin Verlander
93%
AL Cy Young Astros Justin Verlander
93%
2011 AL MVP Tigers Justin Verlander
93%
AL Cy Young Tigers Justin Verlander
93%
2019 AL MVP Angels Mike Trout
93%
2016 AL MVP Angels Mike Trout
93%
2014 AL MVP Angels Mike Trout
93%
AL ROY Angels Mike Trout
93%
2017 AL MVP Astros Jose Altuve
91%
NL Cy Young Padres Blake Snell
89%
AL Cy Young Rays Blake Snell
89%
AL ROY Orioles Gunnar Henderson
89%
NL Cy Young Nationals Max Scherzer
88%
NL Cy Young Nationals Max Scherzer
88%
AL Cy Young Tigers Max Scherzer
88%
2018 AL MVP Red Sox Mookie Betts
88%
NL ROY Diamondbacks Corbin Carroll
87%
NL MVP Marlins Giancarlo Stanton
87%
AL ROY Mariners Julio Rodriguez
87%
NL MVP Cardinals Paul Goldschmidt
87%
NL MVP Dodgers Clayton Kershaw
86%
NL Cy Young Dodgers Clayton Kershaw
86%
NL Cy Young Dodgers Clayton Kershaw
86%
NL Cy Young Dodgers Clayton Kershaw
86%
NL MVP Braves Freddie Freeman
86%
NL Cy Young Mets Jacob deGrom
86%
NL Cy Young Mets Jacob deGrom
86%
NL ROY Mets Jacob deGrom
86%
NL MVP Brewers Christian Yelich
85%
2020 AL MVP White Sox Jose Abreu
85%
AL ROY White Sox Jose Abreu
85%
NL MVP Cubs Kris Bryant
85%
NL ROY Cubs Kris Bryant
85%
2013 AL MVP Tigers Miguel Cabrera
85%
2012 AL MVP Tigers Miguel Cabrera
85%
NL MVP Dodgers Cody Bellinger
84%
NL ROY Dodgers Cody Bellinger
84%
NL Cy Young Marlins Sandy Alcantara
83%
AL Cy Young Guardians Shane Bieber
82%
NL MVP Pirates Andrew McCutchen
78%
NL Cy Young Brewers Corbin Burnes
78%
NL MVP Giants Buster Posey
74%
NL ROY Giants Buster Posey
74%
AL Cy Young Guardians Corey Kluber
74%
AL Cy Young Guardians Corey Kluber
74%
AL ROY Yankees Luis Gil
73%
NL Cy Young Reds Trevor Bauer
73%
NL ROY Braves Michael Harris
71%
NL ROY Mets Pete Alonso
69%
NL MVP Reds Joey Votto
68%
AL Cy Young Mariners Felix Hernandez
67%
2010 AL MVP Rangers Josh Hamilton
67%
NL Cy Young Cubs Jake Arrieta
66%
NL MVP Brewers Ryan Braun
66%
AL Cy Young Rays David Price
63%
2015 AL MVP Blue Jays Josh Donaldson
63%
AL Cy Young Blue Jays Robbie Ray
63%
AL ROY Astros Yordan Alvarez
63%
NL Cy Young Phillies Roy Halladay
62%
AL ROY Rays Randy Arozarena
59%
AL Cy Young Red Sox Rick Porcello
57%
NL ROY Reds Jonathan India
55%
NL ROY Dodgers Corey Seager
52%
AL ROY Astros Carlos Correa
51%
AL Cy Young Astros Dallas Keuchel
50%
NL Cy Young Mets RA Dickey
47%
AL ROY Mariners Kyle Lewis
42%
NL ROY Marlins Jose Fernandez
37%
NL ROY Brewers Devin Williams
35%
AL ROY Tigers Michael Fulmer
21%
AL ROY Rays Wil Myers
17%
NL ROY Braves Craig Kimbrel
13%
AL ROY Rays Jeremy Hellickson
13%
AL ROY Rangers Neftali Feliz
8%
No matching quizzes found
Score Distribution
Percent of People with Each Score
Percentile by Number Answered
Your Score History
You have not taken this quiz